Roblox Country Collectors Quiz - Statistics

General Stats
  • This quiz has been taken 126 times
  • The average score is 16 of 32
Answer Stats
Hint Answer % Correct
What players say when a shop has bad pins L
90%
What players say when a shop has great pins W
80%
The rarity of Togo Legendary
79%
Rarity of Belize Rare
79%
The number of biomes in the game 3
76%
Special pin premium players get (you got this!) Premium
75%
Creator of the game Nuaci
73%
The flag of what country is in the desert hut? Qatar
73%
The rarest micronation pin (as of June 18, 2023) Pavanadia
66%
It was added as a joke pin, it is one of the rarest pins Rice Scene
63%
The pin that doesn't have a decal on it Jersey EX
61%
This pin can only be obtained from the admin or developer Nua Games
61%
EX pins can be obtained on a country's... national day
60%
Amount of possible chest locations 9
59%
These pins were obtainable during the 2022 world cup, only some can still be obtained WC22
58%
How much coins impossible pins usually cost 22200
56%
One of the rarest Brazilian states Acre
55%
It was the rarest pin until the only player from the top 50 that had it lost progress Reunion EX
55%
Famous scammer, he was recently banned Harry
51%
A special pin you could get by joining during the 1 million event One Mil
46%
The pin whose flag was recently changed Martinique
43%
Irish player, he AFKs a lot nameiguess
43%
One of the top players, he is from Brunei Bongee_39
39%
One of the top players, he is from Malta Zoneoq
36%
The player with most pins collected (as of June 18, 2023) gamingrainyo
34%
Rarest EX pin (as of June 18, 2023) Saint Lucia EX
34%
Romanian guy, he trades A LOT Ianis_EUROPA
25%
The player with the most total coins collected (as of June 18, 2023) 2009Bee
18%
The rarest pin, if every person from this country played, the chances of it are 0.0000852994555353902% Pitcairn Islands EX
16%
Also one of the top players, he was apparently born in Vanuatu ATCMartinFry
13%
Serbian guy, he got Harry banned Hex
11%
You are most likely to meet this Cameroonian Abia_Moussa
6%
No matching quizzes found
Score Distribution
Percent of People with Each Score
Percentile by Number Answered
Your Score History
You have not taken this quiz